000
00318nam a22001337a 4500
020
_a
9781118522691
082
_a
664.024
_b
TOL/HA
245
_a
Handbook of Fermented Meat and Poultry
250
_a
2 nd
260
_a
West Sussex
_b
Wiley Blackwell
_c
2015
300
_a
499
700
_a
Toldra,Fidel
_9
978
942
_c
REF
999
_c
14632
_d
14632